Politikom som sa nenarodil

Podrobná bibliografia
Hlavní autori: Filkus, Rudolf, 1927-2013 (Autor), Radičová, Iveta, 1956- (Autor)
Médium: Článok
Jazyk:slovenčina
PhysicalDescription:Fot. 1.
Predmet:

MARC

LEADER 00000nab a2200000 a 4500
001 vtls000435390
003 SK-MaSNL
005 20260311224443.0
008 160115c1991 xo 0 slo
015 |a SNBRB19rr/mm-uuuuu 
035 |a CL0435518 
040 |a SNKBUCL  |b slo  |c SNKBUCL  |e AACR2 
041 0 |a slo 
044 |a xo  |c SK 
080 |a 323(437)  |2 1981 
100 1 |a Filkus, Rudolf,  |d 1927-2013  |4 aut  |9 157331 
245 1 0 |a Politikom som sa nenarodil  |c Rudolf Filkus, Iveta Radičová 
300 |b Fot. 1. 
650 0 7 |a vnútorná politika  |2 snkbucl  |9 970 
651 7 |a Československo  |2 snkbucl  |9 21376 
655 7 |a články z novín a časopisov  |2 snkbucl  |9 267496 
700 1 |a Radičová, Iveta,  |d 1956-  |4 aut  |9 106427 
773 0 |t Kultúrny život  |g Roč. 25, č. 49 (1991), s. 3-4 
850 |a Slovenská národná knižnica v Martine  |a MTA001 
852 |a SNK  |b KIS3GCP 
958 |a RK 
992 |a RBX 
999 |c 3259331  |d 3261261